| 000 | 01172nam a2200265Ia 4500 | ||
|---|---|---|---|
| 003 | OSt | ||
| 005 | 20210511130245.0 | ||
| 008 | 210310s1988 sp gr 000 0 spa d | ||
| 020 | _a8475307248 | ||
| 040 |
_aCO-JMCR _cCO-JMCR |
||
| 041 | 1 |
_aspa _heng |
|
| 082 | 0 | 4 |
_a330.904 / _bT387s _223 |
| 100 | 1 |
_aThurow, Leste, _eautor _926072 |
|
| 245 | 1 | 3 |
_aLa sociedad de suma cero / _cLester c. Thurow ; traducción de Antonio Bonano |
| 260 |
_aBarcelona, España : _bOrbi, _c1988 |
||
| 300 |
_a230 páginas ; _c20 cm. |
||
| 490 | 0 |
_aBiblioteca de economía ; _v2 |
|
| 501 | _aCon: notas a pie de página. | ||
| 505 | 0 | _aUna economía que ya no funciona. -- Energía. -- Inflación. -- Crecimiento económico lento. -- Problemas ambientales. -- Crecientes reglas y reglamentos. -- Problemas ambientales. -- Cuestiones distributivas directas. -- La solución de los problemas económicos de la década de los ochenta. | |
| 650 | 1 | 4 |
_aE.U.A. _xCondiciones económicas _y1971-1981. _937548 |
| 650 | 2 | 4 |
_aIngresos _xE.U.A. _zEstados Unidos _937549 |
| 650 | 2 | 4 |
_aSituación económica _y1945-1989. _937550 |
| 700 | 1 |
_aBonano, Antonio, _etraductor _937551 |
|
| 942 |
_2ddc _cBK |
||
| 999 |
_c11646 _d11646 |
||